header

John A. Johnson, the people's governor (Record no. 153716)

MARC details
000 -LEADER
fixed length control field 01217nam a2200301 a 4500
082 04 - DEWEY DECIMAL CLASSIFICATION NUMBER
Classification number 923.273
100 1# - MAIN ENTRY--AUTHOR NAME
Personal name Helmes, Winifred G.
245 10 - TITLE STATEMENT
Title John A. Johnson, the people's governor
260 ## - PUBLICATION, DISTRIBUTION, ETC. (IMPRINT)
Place of publication Minneapolis :
Name of publisher University of Minnesota Press,
Year of publication [1949]
300 ## - PHYSICAL DESCRIPTION
Number of Pages ix, 324 p. :
Other physical details ill., port.
856 40 - ELECTRONIC LOCATION AND ACCESS
Uniform Resource Identifier http://site.ebrary.com/lib/rucke/Doc?id=10231103

No items available.

© 2026 Rongo University
Contact us: librarian | system librarian | Rongo university